| 000 | 00388cam a2200157ua 4500 | ||
|---|---|---|---|
| 003 | OSt | ||
| 008 | 241224b |||||||| |||| 00| 0 eng d | ||
| 041 | _aeng | ||
| 082 |
_a621.319 _bANW/EL |
||
| 100 |
_aAnwani, I M . _96533 |
||
| 245 | _aElectrical appliances theory and repairs / | ||
| 250 | _a1 / | ||
| 260 |
_aDelhi : _bR B Publications , _c1981. |
||
| 300 | _a257 ; . | ||
| 942 | _cBK | ||
| 999 |
_c8994 _d8994 |
||